000 01229nam a22003377a 4500
003 CHAP
005 20220817044525.0
008 120530s1985 it rn 00010 fre d
010 _a103258
011 _a104230
035 _a114920
040 _cCHAP
090 _aFolleto 18235f
110 2 _aFAO
245 1 3 _aLa foresterie dans l'utilisation des terres
_c/por FAO
246 3 _aComite de la mise en valeur des forests dans les tropiques septieme session. (Rome, Italie, 10-12 juin 1985). Programme d'action sur la foresterie dans l'utilisation des terres :
_bdocument de base
260 _aRoma :
_bFAO,
_c1985
300 _aii, 42 p. :
_btablas
500 _aFO:FDT/AP/1
590 _aBATCH-UPD
_b10
_c20130110
_lUCH01
_h1809
590 _aBATCH-UPD
_b10
_c20130410
_lUCH01
_h1144
590 _aBATCH-UPD
_b10
_c20130914
_lUCH01
_h1829
590 _aCONVERSION
_b10
_c20130109
_lUCH01
_h1357
650 1 4 _aMontañas.
_977735
650 1 4 _aSuelos forestales.
_9110548
650 1 4 _aTierras
_xUtilización.
_9113219
901 _aBK
942 _cFOLL
949 _aFolleto 18235f
_bBC
_cFAO
_d33724002102215
_eFAO1
_gDonaciØn
_i114920
_st
949 _aFolleto 18235f
_bBC
_cFAO
_d33724002102256
_eFAO2
_fc.2
_gDonaciØn
_i114920
_st
999 _c103258
_d103258